00458nam a2200181 a 4500001001300000003000900013005001700022008004100039020001000080082001600090100002400106245004000130260002800170300000900198500003500207505001000242700002400252nice12345678IN_TiNIC20260116014248.0050524s2005 dela grp 000 0 eng  ac49500a954.04bMIA aMian, Syed Mohammad aPrisoners of Malta (asiran-E-Malta) aDelhibManas Pub.c2005 a279p aincludes index and biblioraphy2 aIndex1 aMian, Syed Mohammad